=LDR 00000nam 2200000 4500 =001 INLIS000000000007168 =005 20130612095219 =008 ***********************************Ind** =035 ##$$0010-061300000007168 =041 ##$$a Ind =082 ##$$a 248.4 =090 ##$$a 248.4, Non m =100 ##$$a Nouwan, Hendri J.M =245 ##$$a Menggapai kematangan hidup rohani, Henri J.M Nouwen =260 ##$$a 1985 $b Yogyakarta =300 ##$$a 159 hlm, ilus, 21 cm =650 ##$$a Hidup kerohanian